logo

Bir Sreshtho Munshi Abdur Rouf Library
Jhenaidah Cadet College

Essential algebra / (Record no. 8507)

MARC details
000 -LEADER
fixed length control field 00769nam a2200289 a 4500
001 - CONTROL NUMBER
JCCL Control Number 8507
003 - CONTROL NUMBER IDENTIFIER
JCCL marc code BD-JhCC
005 - DATE AND TIME OF LATEST TRANSACTION
control field 20180226172738.0
008 - FIXED-LENGTH DATA ELEMENTS--GENERAL INFORMATION
fixed length control field 500101s1995 mau 000 0 eng d
020 ## - INTERNATIONAL STANDARD BOOK NUMBER
International Standard Book Number 0534944949
035 ## - SYSTEM CONTROL NUMBER
system control number (BD-JhCC)8507
040 ## - CATALOGING SOURCE
Original cataloging agency BD-JhCC
Modifying agency BD-JhCC
041 ## - LANGUAGE CODE
Language code of Book eng
082 ## - DEWEY DECIMAL CLASSIFICATION NUMBER
Classification number 512
Author mark and Year JOH 1982
100 10 - MAIN ENTRY--PERSONAL NAME
Personal name Johnston, C. L.
Fuller form of name (Carol Lee),
Dates associated with a name 1911-
245 10 - TITLE STATEMENT
Title Essential algebra /
Statement of responsibility, etc C.L. Johnston, Alden T. Willis, Jeanne Lazaris
250 ## - EDITION STATEMENT
Edition statement 7th ed
260 ## - PUBLICATION, DISTRIBUTION, ETC. (IMPRINT)
Place of publication, distribution, etc Boston :
Name of publisher, distributor, etc PWS,
Date of publication, distribution, etc 1994
300 ## - PHYSICAL DESCRIPTION
Pagination xvii, 650, A99 p ;
Dimensions 28 cm
490 0# - SERIES STATEMENT
Series statement The Johnston-Willis series
504 ## - BIBLIOGRAPHY, ETC. NOTE
Bibliography, etc Includes Index
650 #0 - SUBJECT ADDED ENTRY--TOPICAL TERM
Topical term or geographic name as entry element Algebra
700 1# - ADDED ENTRY--PERSONAL NAME
Personal name Willis, Alden T.
700 1# - ADDED ENTRY--PERSONAL NAME
Personal name Lazaris, Jeanne,
Dates associated with a name 1932-
942 ## - ADDED ENTRY ELEMENTS (KOHA)
Source of classification or shelving scheme Dewey Decimal Classification
Koha item type Books
Holdings
Source of classification or shelving scheme Damaged status Not for loan Home library Current library Shelving location Source of acquisition Total Checkouts Full call number Barcode Date last seen Copy number Koha item type
Dewey Decimal Classification     JCC Rouf Library JCC Rouf Library General Stacks Asia Foundation   512 JOH 1982 8623 02/26/2018 C - 1 Books

JCC Library | Contacts | JCC Home

Last Update on 23 September 2017
Copyright @ 2017-2020 JCC Rouf Library
Rouf Library, Jhenidah Cadet College (JCC), Bangladesh